| 000 | 00506nam a2200205Ia 4500 | ||
|---|---|---|---|
| 003 | OSt | ||
| 005 | 20250930164127.0 | ||
| 008 | 210210b2017 xxu||||| |||| 00| 0 eng d | ||
| 020 | _a9789385528736 | ||
| 040 | _cAL | ||
| 041 | _aeng | ||
| 082 | _a820.09 KUMC | ||
| 100 |
_aKUMAR (Manoj) _9241148 |
||
| 245 | _aChitra Banerjee Divakaruni: a critical spectrum | ||
| 260 |
_aJaipur _b- _c2017 |
||
| 300 | _axiii,242 | ||
| 690 |
_aIndian English Criticism _9241149 |
||
| 906 | _a072809 | ||
| 942 |
_2ddc _cBK |
||
| 999 |
_c122768 _d122768 |
||